000 00823nas a2200289 4500
001 BR9900429
003 BR-BrBNA
005 20231205101217.0
007 ta
008 230509b bl.|||p| |||| 00| 00por d
040 _aBR-BrBNA
_bpor
_cBiblioteca Nacional de Agricultura
041 _a(Pt)
072 _aF01; E14
100 1 _aRiffel, C.M.
100 1 _aSouza, M.S. de
100 1 _aSouza, R.M. de
100 1 _aVella, H.A.G.
100 1 _aValdes, J.J.G.
245 1 _aPossibilidades e alternativas a cultura do fumo
650 _aFumo
650 _aPlantio
650 _aAgricultura Familiar
650 _aAgricultura Alternativa
773 0 _tExtensao Rural. Revista do DEAER (Brazil)
_x
_g(Jan-Dec 1998), v. 5 p. 89-100
_wBR9900429
909 _a202311
_bLúcia
_c55
_dLúcia Elande
942 _2AGRIS
_n0
_cANA
999 _c160435
_d160435